000 00587nam a2200193Ia 4500
003 GCL
008 140319s9999 xx 000 0 ara d
040 _aGCL /
_cGCL
082 0 4 _a658.8
_bا ت
100 1 _aابوبكر بعيره
245 1 0 _aالتسويق ودوره فى التنمية /
_cابوبكر بعيره
250 _aالاولى
260 _aليبيا :
_bجامعة قاريونس ،
_c1993
300 _a222 ص ؛
_c24 سم
650 0 4 _aالتسويق
650 0 4 _aادارة المبيعات
650 0 4 _aالباعة وفن البيع
942 _2ddc
_cBK
999 _c3408
_d3408